000 00556nam a2200157Ia 4500
008 210716s2009 xx 000 0 und d
020 _a9780195691658
041 _aeng
082 _a174.4 CRAA
100 _aCrane, Andrew;Matten, Dirk.
245 _aBusiness ethics: managing corporate citizenship and sustainability in the age of globalization.
_bManaging corporate citizenship and sustainability in the age of globalization.
250 _a1
260 _aNew Delhi
_bOxford University Press
_c2009
300 _axxiii,566
650 _aBusiness Ethics
999 _c203750
_d203750